| 000 | 00722nab#a2200241#c#4500 | ||
|---|---|---|---|
| 999 |
_c53508 _d53508 |
||
| 003 | IEF | ||
| 005 | 20191205104823.0 | ||
| 008 | 950704s1976 ESP|| #####0 b|SPA|u | ||
| 040 |
_aIEF _cES-MaIEF |
||
| 041 | _aSPA | ||
| 100 | 1 |
_aAlvira Martín, Francisco _91025 |
|
| 245 |
_aLa veracidad contable en España en opinión de los profesores, asesores y funcionarios _c Francisco Alvira Martín, José García López |
||
| 260 | _c1976 | ||
| 500 | _aConclusiones | ||
| 650 | 4 |
_aEMPRESAS _943504 |
|
| 650 | 4 |
_aCONTABILIDAD _940740 |
|
| 650 | 4 |
_aESPAÑA _941092 |
|
| 700 | 1 |
_aGarcía López, José _917406 |
|
| 773 | 0 |
_tHacienda pública española _w34570 _g39, p. 83-109 |
|
| 942 | _2udc | ||
| 942 | _2udc | ||